000 00356 a2200157 4500
001 184032
020 _a85-262-2592-8
040 _cMagnum
100 _aCaruso, Aristides
240 1 0 _aO espião invisível
_lpor
245 1 0 _aO espião invisível
300 _a48
362 0 _a1995
697 _aLITERATURA INFANTO-JUVENIL ESTRANGEIRA
942 _cBK
999 _c184032
_d184032